Komunikačný mix - tvorba a realizácia v mikroprostredí firmy : Bakalárska práca

Guardado en:
Detalles Bibliográficos
Autor principal: Hamaďák, Peter (Autor)
Otros Autores: Molnárová, Dagmar (xxx)
Formato: Manuscrito Libro
Lenguaje:eslovaco
Publicado: Trnava : STU v Bratislave MtF KPIM, 2005
Materias:
Etiquetas: Agregar Etiqueta
Sin Etiquetas, Sea el primero en etiquetar este registro!

MARC

LEADER 00000ntm a22000003a 4500
001 stu96052
005 20160719155259.4
008 051013s2005----xo------------------slo-d
040 |a STU  |b slo 
041 0 |a slo 
044 |a xo 
100 1 |a Hamaďák, Peter  |4 aut 
245 1 |a Komunikačný mix - tvorba a realizácia v mikroprostredí firmy :  |b Bakalárska práca 
260 |a Trnava :  |b STU v Bratislave MtF KPIM,  |c 2005 
300 |a 51 s  |c príl., 1 CD 
650 7 |a priemyselné inžinierstvo a manažment  |2 stusub 
650 7 |a Public Relations  |2 estusub 
650 7 |a reklama  |2 stusub 
700 1 |a Molnárová, Dagmar  |4 xxx  |u M190  |U MTF Materiálovotechnologická fakulta  |T MTF Katedra priemyselného inžinierstva a manažmentu  |U M190  |Y 167 
996 |b 284M063000  |c M*BP-1313  |l MMSKP  |s P  |a 0  |w stu96052_0001